Společenská hodnota a plánovaná cena
Salvato in:
| Autore principale: | |
|---|---|
| Natura: | Libro |
| Lingua: | ceco |
| Pubblicazione: |
Praha
Svoboda
1972
|
| Serie: | Ekonomie a společnost
|
| Tags: |
Nessun Tag, puoi essere il primo ad aggiungerne!!
|
MARC
| LEADER | 00000nam a2200000 4500 | ||
|---|---|---|---|
| 001 | c121519 | ||
| 005 | 20250701071634.0 | ||
| 041 | 0 | |a cze | |
| 044 | |a CZ | ||
| 245 | 1 | 0 | |a Společenská hodnota a plánovaná cena |c Vasilij B. Němčinov ; [Z rus. orig. přel. J. Chlumský] |
| 264 | 1 | |a Praha |b Svoboda |c 1972 | |
| 300 | |a 327 s. | ||
| 490 | 1 | |a Ekonomie a společnost | |
| 830 | 0 | |a Ekonomie a společnost | |
| 100 | 1 | |a Němčinov, Vasilij B. | |